Niektoré problémy vecného obsahu daľšieho rozvoja spolupráce s rozvojovými krajinami z hľadiska VTR a postupujúceho procesu celosvetového prechodu od kapitalizmu k socializmu čiastková úloha SPEV I-I/3.3

Saved in:
Bibliographic Details
Main Author: Balhar, Víťazoslav
Format: Book
Language:Slovak
Published: Bratislava Vysoká škola ekonomická 1977
Tags: Add Tag
No Tags, Be the first to tag this record!

MARC

LEADER 00000nam a2200000 4500
001 c138957
005 20250703084006.6
041 0 |a slo 
044 |a SK 
245 1 0 |a Niektoré problémy vecného obsahu daľšieho rozvoja spolupráce s rozvojovými krajinami z hľadiska VTR a postupujúceho procesu celosvetového prechodu od kapitalizmu k socializmu  |b čiastková úloha SPEV I-I/3.3  |c Víťazoslav Balhar 
264 1 |a Bratislava  |b Vysoká škola ekonomická  |c 1977 
300 |a 224 s. 
100 1 |a Balhar, Víťazoslav